Vista normal
Vista MARC
Entrada Personal Name
Número de registros utilizados en: 1
001 - CONTROL NUMBER
- control field: 2650
003 - CONTROL NUMBER IDENTIFIER
- control field: OSt
005 - DATE AND TIME OF LATEST TRANSACTION
- control field: 20131003160125.0
008 - FIXED-LENGTH DATA ELEMENTS
- fixed length control field: 131003|||a|||||| | ||| d
040 ## - CATALOGING SOURCE
- Original cataloging agency: OSt
- Transcribing agency: OSt
100 ## - HEADING--PERSONAL NAME
- Personal name: Chiarotti, Susana
670 ## - SOURCE DATA FOUND
- Source citation: Work cat.: (OSt): Chiarotti, Susana, Con todo al aire. Reporte de Derechos Humanos sobre atencion en Salud Reproductiva en Hospitales Publicos, 2003